Stay Hungry Stay Foolish (Record no. 50997)

MARC details
000 -LEADER
fixed length control field 00331nam a2200133Ia 4500
008 - FIXED-LENGTH DATA ELEMENTS--GENERAL INFORMATION
fixed length control field 220530s9999 xx 000 0 und d
041 ## - LANGUAGE CODE
Language code of text/sound track or separate title eng
082 ## - DEWEY DECIMAL CLASSIFICATION NUMBER
Classification number 891.46
Item number BAN
100 ## - MAIN ENTRY--PERSONAL NAME
Personal name Bansal Rashmi
9 (RLIN) 56160
245 ## - TITLE STATEMENT
Title Stay Hungry Stay Foolish
260 ## - PUBLICATION, DISTRIBUTION, ETC. (IMPRINT)
Place of publication, distribution, etc. Ahmedabad
Name of publisher, distributor, etc. Print Vision Pvt ltd
300 ## - PHYSICAL DESCRIPTION
Extent 325 P
Other physical details PB
906 ## - LOCAL DATA ELEMENT F, LDF (RLIN)
a 25
b GB
Holdings
Withdrawn status Lost status Damaged status Not for loan Collection code Home library Current library Date acquired Vendor Cost, normal purchase price Total Checkouts Full call number Barcode Date last seen Date last checked out Cost, replacement price Bill Date Koha item type Original Barcode
        Non Technical Cummins College of Engineering for Women Nagpur Cummins College of Engineering for Women Nagpur 26/03/2012 Vidharabha Stationers 125.00 4 891.46 CEWN-BK-3196 22/10/2024 15/10/2024 100.00 30/05/2022 Books 003196